000
00270nam a2200109Ia 4500
008
200302s9999 xx 000 0 und d
100
_a
G. K. Hiraskar
245
_a
The Great Ages of World Architecture
260
_b
Dhanpat Rai & Sons
260
_c
1994
300
_a
406 P.,
999
_c
2225
_d
2225